Every Slavic Countries Shapes - Statistics

General Stats
  • This quiz has been taken 508 times
    442 since last reset
  • The average score is 11 of 13
Answer Stats
Picture Answer % Correct
Russia
97%
Croatia
96%
Ukraine
95%
Bosnia and Herzegovina
91%
Belarus
88%
Serbia
87%
Czech Republic
86%
Slovakia
86%
Poland
85%
Bulgaria
84%
Slovenia
83%
North Macedonia
82%
Montenegro
81%
No matching quizzes found
Score Distribution
Percent of People with Each Score
Percentile by Number Answered
Your Score History
You have not taken this quiz since the last reset